[Event "TV Tegernsee 1-MTV Ingolstadt 1"]
[Site "?"]
[Date "2025.02.23"]
[Round "7.4"]
[White "Poelt, Christoph"]
[Black "Holgert, Michael"]
[Result "1/2-1/2"]
[WhiteElo "2127"]
[BlackElo "2001"]
[Annotator "Stockfish 17"]
[PlyCount "123"]
[EventDate "2025.??.??"]
[WhiteTeam "TV Tegernsee 1"]
[BlackTeam "MTV Ingolstadt 1"]

{[%evp 11,123,0,38,22,41,47,68,62,55,26,72,69,101,105,123,56,99,55,57,49,62,52,
65,66,64,50,127,124,128,128,122,128,149,145,151,132,163,158,147,135,194,121,
122,121,114,113,127,82,92,79,89,65,68,71,90,91,255,251,282,287,290,255,264,240,
254,244,286,279,291,253,252,254,269,165,165,151,162,129,137,124,125,105,109,
111,131,106,109,109,111,112,116,114,185,182,185,179,181,185,176,172,178,175,
176,163,161,145,143,149,210,148,126,137,130,147]} 1. d4 d6 2. c4 e5 3. Nc3 (3.
dxe5 dxe5 4. Qxd8+ Kxd8 5. Nc3 Bb4 6. Bd2 Be6 7. e3 {hatte Weiß auch zur
Auswahl}) 3... exd4 4. Qxd4 Nf6 5. b3 Nc6 6. Qd2 Be7 7. Bb2 O-O 8. g3 Re8 9.
Bg2 a5 10. Nf3 Bd7 11. O-O Nb4 12. Nd4 $16 c6 13. Rfd1 (13. e4 $16 Na6 14. Rad1
Nc5 15. h3) 13... Bf8 14. a3 Na6 15. Qc2 Qc7 16. Rac1 Rad8 17. e4 $36 {[%mdl
2048]} Nc5 18. b4 Ne6 (18... axb4 $14 19. axb4 Na6) 19. Nf5 $16 axb4 20. axb4
Bc8 21. Na4 {Weiß steht klar besser} Nd7 22. Qc3 {[#] Und Sh6+! würde nun
gewinnen.} f6 23. Qb3 Ne5 24. f4 Nf7 25. Ne3 Be7 26. f5 (26. h4 $18) (26. Rd2
b6 27. Kh1 Bf8 28. Nc3 {baut den Vorteil aus}) 26... Nf8 {[%cal Be6f8,Bf8d7,
Bd7e5][%mdl 32]} 27. Bd4 Nd7 28. Bf3 Bf8 29. Nc3 {[%cal Ba4c3,Bc3e2,Be2f4]
[%mdl 32]} (29. Bh5 $1 {Schwarz hat kaum noch einen vernünftigen Zug} Ng5 (
29... Nde5 30. Bb6 $18) 30. Nc3 {bleibt klar vorne} (30. Bxe8 Rxe8 31. Nc3 $16)
) 29... Nde5 30. Bg2 b6 31. Ne2 Qb7 32. Nf4 Kh8 33. b5 c5 $2 {[#]} (33... Bd7
$16) 34. Bb2 $18 Ng5 35. Ned5 Bd7 36. Ra1 (36. h4 $1 Ngf7 37. Bf3 Nxf3+ 38.
Qxf3 Bc8 39. Ra1 $18) 36... Ra8 37. h4 Ngf7 38. Bf3 Nxf3+ 39. Qxf3 Ne5 40. Bxe5
dxe5 41. Ne2 Ra7 42. Ra3 (42. Rxa7 Qxa7 43. Qh5 Kg8 44. g4 $18 {mit Angriff})
42... Rxa3 43. Qxa3 Ra8 44. Qb3 Be8 45. g4 $16 Be7 46. Nec3 Bf7 47. Rd2 Kg8 48.
Ra2 Bd8 49. Ra4 Kf8 50. Qa3 (50. Rxa8 {mit weiteren Verwicklungen.} Qxa8 51.
Qa4 Qb8 52. Kf2 Kg8 53. Ke2) 50... Rxa4 51. Qxa4 Bxd5 $2 (51... h6 $16 {
war nötig.}) 52. Nxd5 h6 53. Qa6 Qb8 54. Kg2 Ke8 55. Kf3 Kf7 56. Ke3 Ke8 57.
Kd3 Kf7 58. Kc3 Kf8 59. Kb3 Kf7 (59... Kg8 $16 {kämpft weiter.} 60. Kc2 Kh7)
60. Qa2 Be7 61. Kc3 Kf8 62. Qa6 (62. Qa6 Bd8 63. Kd3 Kf7 {Weiß steht viel
besser. Aber wie will er zum Erfolg kommen?}) 1/2-1/2

[Event "TV Tegernsee 1-MTV Ingolstadt 1"]
[Site "?"]
[Date "2025.02.23"]
[Round "7.5"]
[White "Hausmann, Kai"]
[Black "Walter, Thomas"]
[Result "1-0"]
[WhiteElo "2027"]
[BlackElo "2128"]
[Annotator "Stockfish 17"]
[PlyCount "67"]
[EventDate "2025.??.??"]
[WhiteTeam "MTV Ingolstadt 1"]
[BlackTeam "TV Tegernsee 1"]

{[%evp 11,66,9,27,26,29,-14,-5,-38,-16,-13,-7,-60,-1,-18,20,-29,2,-96,-89,-95,
-92,-99,-33,-39,-5,-49,7,-36,0,7,86,75,90,67,115,112,107,89,111,116,168,173,
237,227,377,362,430,422,414,411,411,404,557,510,29995,29996,29999]} 1. d4 Nf6
2. g3 g6 3. Bg2 d5 4. Nf3 Bg7 5. O-O O-O 6. Nbd2 c6 7. Re1 Ne4 8. Nf1 Nd7 {
[%cal Bb8d7,Bd7f6,Bf6e4][%mdl 32]} 9. Ng5 $6 {damit ist nichts zu holen} (9.
N1d2 {fühlt sich spannender an.} a5 10. a4 f5 11. c4 e6 12. b3) 9... Nxg5 10.
Bxg5 h6 11. Bc1 Nf6 $11 12. c3 Ne4 13. f3 Ng5 14. Bxg5 $6 (14. h4 $11 {hält
das Gleichgewicht.} Nh3+ 15. Kh2) 14... hxg5 $17 15. e4 dxe4 16. Rxe4 Be6 (
16... e5 $142 $17 17. dxe5 Qb6+ 18. Kh1 Qxb2) 17. Qe2 Bf6 18. Ne3 (18. Rxe6
fxe6 19. Bh3 Kg7 20. Bxe6 $11 {kam in Frage}) 18... Qb6 {[#]} 19. Rxe6 $1 fxe6
20. Nc4 Qb5 $6 (20... Qc7 $11) 21. Bh3 $1 $16 Kg7 22. a4 {[%cal Ba2a4,Ba4b5]
[%mdl 32]} Qd5 23. Bxe6 Qd8 24. Qe4 Qc7 25. Rf1 $14 c5 $2 26. d5 b5 (26... Qb8
$142 27. f4 b5 28. axb5 Qxb5) 27. axb5 $40 {[%mdl 128]} Rab8 $2 (27... Qb7 {
war nötig.} 28. Ra1 Qxb5) 28. f4 gxf4 29. Rxf4 $18 Rh8 30. Rg4 Rh6 31. Ne3 {
[#] Droht Sf5+ und aus.} Kh8 {Jetzt ...De5 und Schwarz darf weiter klammern.}
32. Rxg6 Rxg6 (32... Rh7 $18 33. Qg4 Qd8 34. Rg8+ Qxg8) 33. Qxg6 {[%cal Rg6h6]}
Qe5 34. Qh6# 1-0

[Event "TV Tegernsee 1-MTV Ingolstadt 1"]
[Site "?"]
[Date "2025.02.23"]
[Round "7.6"]
[White "Lettl, Gerhard"]
[Black "Freundorfer, Josef"]
[Result "1-0"]
[WhiteElo "1941"]
[BlackElo "2014"]
[Annotator "Stockfish 17"]
[PlyCount "105"]
[EventDate "2025.??.??"]
[WhiteTeam "TV Tegernsee 1"]
[BlackTeam "MTV Ingolstadt 1"]

{[%evp 17,105,18,120,5,92,60,72,67,101,98,186,188,181,177,240,186,192,171,186,
158,219,189,211,191,236,239,268,266,299,239,249,228,237,195,326,313,392,388,
404,402,426,410,440,142,174,171,167,109,100,131,146,55,55,72,132,53,76,-108,43,
44,67,25,33,-54,-53,-69,57,-28,-9,-108,-11,-19,80,81,125,61,108,37,110,93,150,
164,196,204,288,284,250,235,29993,29994]} 1. e4 e5 2. Nf3 Nc6 3. d4 exd4 4. Bc4
(4. Nxd4 Bc5 5. Be3 Qf6 6. c3 Nge7 7. Bc4 Ne5 {ist eine sehr bekannte Variante}
) 4... Bc5 5. c3 d6 (5... Nf6 6. cxd4 Bb4+ 7. Nc3 Nxe4 8. O-O Bxc3 9. d5 Bf6
10. Re1 Ne7 11. Rxe4 O-O 12. d6 cxd6 13. Qxd6 Nf5 14. Qd5 d6 15. Bf4 {Kostic,
N-Fauland,A AUT-chT 1992}) 6. cxd4 Bb6 7. h3 Nf6 8. Nc3 O-O 9. O-O h6 $2 (9...
Nxe4 $1 $11 {hält das Gleichgewicht.} 10. Nxe4 d5 {[%mdl 64] Doppelangriff})
10. a3 (10. Re1 $16 Ne7) 10... Ne7 (10... Nxe4 $1 $11 11. Nxe4 d5 {[%mdl 64]
Doppelangriff}) 11. e5 Nh7 12. Qe2 d5 13. Bd3 Nf5 $2 (13... Bf5 $16 {ist eine
bessere Verteidigung.}) 14. Qc2 g6 15. Ne2 $18 {Weiß steht viel besser} Re8 (
15... c6 $142 16. Bd2 Re8) 16. Bf4 h5 17. b4 c6 18. Qd2 (18. a4 a5 19. b5 Bd7
20. bxc6 bxc6 21. Rab1 $18 {bleibt klar vorne}) 18... Qd7 $6 (18... Bd7 $16 {
war angesagt.} 19. a4 a6) 19. Kh2 Bd8 20. Rg1 Ng7 21. g4 $40 Kh8 22. Bh6 Rg8
23. Rg3 (23. Nf4 $1 Ne6 24. Nxe6 Qxe6 25. Ng5 $18) 23... h4 24. Rgg1 Ne6 25.
Ne1 b6 $2 (25... Nhg5 {war nötig.} 26. Bxg5 Bxg5) 26. f4 $18 Nef8 27. Nf3 Qe7
28. f5 c5 29. f6 Qc7 30. Bg7+ $2 {vergibt viel Vorteil} (30. Bxf8 $18 {ist
viel giftiger. Schwarz muss nun Ld6 beachten.} Rxf8 31. Kh1 Nxf6 32. exf6 Bxf6
33. bxc5) 30... Rxg7 $16 31. fxg7+ Kxg7 $16 32. Qe3 Ne6 33. Rac1 Be7 {[#]} 34.
Nf4 (34. Bf5 $1 $16 {[%mdl 512]}) 34... Nxf4 $14 35. Qxf4 $14 {und der ganze
Vorteil ist nahezu weg} Be6 {[#]} (35... c4 $11) 36. Rc2 ({Besser ist} 36. Bf5
$1 $16 {[%mdl 512]}) 36... c4 $11 {[#]} 37. Be2 $2 (37. Bf5 $1 $16 {hält den
Druck.}) 37... g5 $2 (37... Qd8 $17) 38. Qe3 Qd8 39. Rb1 Nf8 40. Bf1 $2 (40.
Bd1 $14) 40... Ng6 {[%mdl 1024] Schwarz hat Kompensation.} 41. Rf2 Rc8 (41...
b5 $15) 42. Ne1 (42. Be2 $14) 42... Qd7 43. Ng2 $6 (43. Nf3 $11 Nf4 44. Kh1)
43... Qc7 (43... f6 $17 44. exf6+ Bxf6) 44. Kg1 Qd7 $6 {[#]} (44... Re8 $11)
45. Be2 $1 $16 Rg8 46. Qd2 (46. Bd1 $16) 46... Rc8 47. Rf3 (47. Bd1 $16) 47...
Rh8 $6 (47... Rf8 $14) 48. Rbf1 $16 Rg8 $2 49. Bd1 $1 b5 50. Bc2 (50. Rf6 $1
Bxf6 51. Rxf6 $18) 50... Qd8 $2 {[#]} (50... Kf8 $142 51. R3f2 Bd8) 51. Rf6 $1
$18 {[%mdl 512]} Bxf6 52. Rxf6 Nf8 $2 (52... Kf8 $18 53. Qxg5 {[%mdl 64]
Doppelangriff} Ke8) 53. Qxg5+ {[%mdl 64] Doppelangriff.} 1-0

[Event "TV Tegernsee 1-MTV Ingolstadt 1"]
[Site "?"]
[Date "2025.02.23"]
[Round "7.7"]
[White "Beller, Igor"]
[Black "Dietlmeier, Tobias"]
[Result "0-1"]
[WhiteElo "1790"]
[BlackElo "1954"]
[Annotator "Stockfish 17"]
[PlyCount "38"]
[EventDate "2025.??.??"]
[WhiteTeam "MTV Ingolstadt 1"]
[BlackTeam "TV Tegernsee 1"]

{[%evp 9,38,-14,-15,-11,7,-59,-56,-63,-53,-58,-61,-95,-99,-106,-89,-118,-110,
-149,-127,-122,-89,-194,-158,-447,-439,-565,-560,-515,-550,-710,-695]} 1. e4 c5
2. Nf3 Nc6 3. Bb5 e6 4. Bxc6 bxc6 5. c4 d6 6. O-O (6. d4 cxd4 7. Qxd4 e5 8. Qd3
Nf6 9. Nc3 {Mestel,A-Quinn,J M BCF-ch 1973}) 6... e5 7. h3 (7. b4 $11) 7... g5
$15 8. d4 $6 cxd4 9. Bxg5 Be7 10. Bxe7 Nxe7 11. Nbd2 Rg8 12. Kh2 Ng6 13. Ng1 $6
Qf6 $17 14. g3 h5 15. Ndf3 $2 (15. Qa4 $17 Ne7 16. h4) 15... h4 $1 $19 {
[%mdl 64] [#] Überlastung} 16. Nxh4 $2 (16. Qa4 $17 Bd7 17. Qb4) 16... Nxh4 {
Schwarz steht klar auf Gewinn.} 17. gxh4 Qf4+ {[%mdl 64] Doppelangriff} 18. Kh1
Qxe4+ 19. Nf3 Bxh3 0-1

[Event "TV Tegernsee 1-MTV Ingolstadt 1"]
[Site "?"]
[Date "2025.02.23"]
[Round "7.8"]
[White "Kaiser, Guenter"]
[Black "Doan, Duc Trung"]
[Result "1/2-1/2"]
[WhiteElo "2005"]
[BlackElo "1772"]
[Annotator "Stockfish 17"]
[PlyCount "38"]
[EventDate "2025.??.??"]
[WhiteTeam "TV Tegernsee 1"]
[BlackTeam "MTV Ingolstadt 1"]

{[%evp 9,38,-5,11,10,25,18,19,20,21,17,33,11,21,24,26,24,27,20,44,-31,-28,-49,
-44,-43,-44,-63,-57,-91,-95,-120,-113]} 1. b3 Nc6 (1... e5 2. Bb2 Nc6 3. e3 d5
4. Bb5 Bd6 {ist gut bekannt}) 2. Bb2 Nf6 3. e3 d5 4. Bb5 Bd7 5. f4 e6 6. Nf3
Nb8 (6... Be7 7. Nc3 O-O 8. Qe2 Ne4 {war durchaus möglich}) 7. Be2 Be7 8. O-O
O-O 9. Ne5 Nc6 10. d3 Nxe5 11. fxe5 Ne8 12. Nd2 Bg5 13. Rf3 g6 14. Rg3 (14. Qe1
$14) 14... Ng7 $15 {Und ...Sf5 würde nun gewinnen.} 15. Bg4 Nf5 16. Bxf5 exf5
17. Qf3 Be6 18. Ba3 Re8 19. d4 b6 $17 1/2-1/2

[Event "TV Tegernsee 1-SK Landau-Dingolfing 1"]
[Site "?"]
[Date "2025.03.23"]
[Round "8.1"]
[White "Albrecht, Manuel"]
[Black "Manakov, Ilya"]
[Result "1/2-1/2"]
[WhiteElo "1928"]
[BlackElo "2297"]
[Annotator "Stockfish 17"]
[PlyCount "43"]
[EventDate "2025.??.??"]
[WhiteTeam "SK Landau-Dingolfing 1"]
[BlackTeam "TV Tegernsee 1"]

{[%evp 19,43,22,24,10,12,11,9,-8,27,-6,30,30,27,22,38,37,73,22,24,22,21,7,29,
19,31,32]} 1. e4 c5 2. Nf3 Nc6 3. Bb5 g6 (3... e6 4. O-O (4. Bxc6 bxc6 5. O-O
Ne7 6. b3 Ng6 7. Bb2 $15) 4... Nge7 5. Re1 a6 6. Bf1 d5 {kann auch gut
gespielt werden}) 4. Bxc6 dxc6 (4... bxc6 5. O-O Bg7 6. Re1 Nh6 7. c3 O-O 8. d4
{kam in etlichen Partien vor}) 5. d3 Bg7 6. h3 Nf6 7. Nc3 Nd7 8. Be3 e5 9. O-O
Qe7 10. Nd2 O-O 11. f4 exf4 $1 12. Bxf4 Ne5 13. Nf3 $11 Bd7 14. Qe1 Rae8 15.
Qg3 b6 16. a4 Nxf3+ 17. Rxf3 Be5 18. Bxe5 Qxe5 19. Qxe5 Rxe5 20. Rf6 Rfe8 21.
Raf1 R8e7 22. b3 1/2-1/2

[Event "TV Tegernsee 1-SK Landau-Dingolfing 1"]
[Site "?"]
[Date "2025.03.23"]
[Round "8.2"]
[White "Shen, Tingrui"]
[Black "Popp, Michael"]
[Result "1-0"]
[WhiteElo "2123"]
[BlackElo "1973"]
[Annotator "Stockfish 17"]
[PlyCount "87"]
[EventDate "2025.??.??"]
[WhiteTeam "TV Tegernsee 1"]
[BlackTeam "SK Landau-Dingolfing 1"]

{[%evp 10,87,21,22,39,23,32,19,11,-18,-11,-34,-32,-29,-28,-133,-112,-173,-86,
-80,-58,-73,-37,-87,-48,-51,-46,-70,69,-118,-77,-87,-67,-83,-83,-131,-94,-107,
48,51,54,53,57,61,86,68,214,-32,60,-9,-4,0,19,-16,-20,-13,-21,0,0,-133,346,368,
456,458,835,848,847,828,794,697,692,633,618,614,29996,29997,29997,29998,29998,
29999]} 1. Nf3 c5 2. e4 e6 3. c4 Nc6 4. Nc3 e5 5. d3 d6 6. Be2 Nge7 7. a3 a5 8.
Qa4 Bd7 $11 9. Nb5 {[%cal Rb5d6]} Nc8 10. Qc2 Be7 11. Bd2 O-O {[#]} 12. O-O-O
$2 (12. O-O $11 {bleibt in der Remisbreite.} Nb6 13. b3 f5 $15) 12... N8a7 (
12... a4 13. Kb1 N8a7 14. Nc3 Be6 $17 15. h4 b5 $40) 13. Nc3 $6 {Weiß spielt
die Eröffnung nicht sehr genau} (13. a4 $17 {war angesagt.}) 13... Nd4 (13...
b5 $19 14. Nd5 (14. cxb5 $2 Nd4 $19) 14... Rb8 15. h4 Rb7 16. h5 h6 17. Kb1 Bg4
{der schwarze Vorteil ist gefährlich groß}) 14. Nxd4 $17 cxd4 15. Nd5 Be6 (
15... b5 16. Kb1 Rb8 {war naheliegender}) 16. b3 Bxd5 17. exd5 b5 18. Kb2 bxc4
(18... Bg5 $15) 19. bxc4 $2 (19. dxc4 $14 {nötig, um obenauf zu bleiben.} Rb8
20. f3) 19... Nc8 20. Ka2 Nb6 21. Rb1 Nd7 22. Rb5 Nc5 23. f4 f5 $2 {[#]} (23...
exf4 $17 24. Bxf4 Bg5) 24. Rxc5 $1 $14 dxc5 25. fxe5 Bg5 26. Bf3 $44 {[%mdl
1024]} Rb8 27. Re1 a4 $2 (27... Bxd2 28. Qxd2 Qb6 $13) 28. Bd1 $2 (28. Bxg5 $1
$18 Qxg5 29. d6) 28... Re8 (28... Rb3 $11) 29. Qc1 (29. Bxg5 $14 Qxg5 30. Re2)
29... Bxd2 $11 30. Qxd2 Qb6 {[%csl Gb8][%cal Rb6b1]} 31. Qc2 Re7 32. Bf3 Qa5
33. Re2 Reb7 34. e6 $6 {[#]} (34. d6 $11 {war der einzige Weg, das
Gleichgewicht zu halten.} Rb6 35. Bd5+ Kf8 36. Rf2) 34... Rb3 $2 {[%mdl 8192]}
(34... Rb6 $1 $17 {bleibt auf Kurs.} 35. g4 fxg4 36. Bxg4 Qa7) 35. e7 $18 {
Droht d6 und aus.} Kf7 36. d6 {Und weiter mit d7 wäre nett.} Rc3 (36... Qc3
$142 37. Bd5+ Kf6 38. Qxc3 dxc3) 37. Bd5+ Ke8 38. Bc6+ {[%mdl 64] Doppelangriff
} Kf7 39. Bd5+ Ke8 40. Bc6+ {[%mdl 64] Doppelangriff} Kf7 {[#]} 41. Qb1 {
[%mdl 512]} (41. Qxa4 Qxa4 42. Bxa4 Rxd3 43. e8=Q+ {#10}) 41... Rbb3 (41...
Rcb3 42. d7) 42. e8=Q+ {Weiß setzt Matt.} Kf6 43. Qe7+ Kg6 44. Be8+ 1-0

[Event "TV Tegernsee 1-SK Landau-Dingolfing 1"]
[Site "?"]
[Date "2025.03.23"]
[Round "8.3"]
[White "Schultes, Christoph"]
[Black "Thiel, Fabian"]
[Result "1/2-1/2"]
[WhiteElo "1961"]
[BlackElo "2154"]
[Annotator "Stockfish 17"]
[PlyCount "50"]
[EventDate "2025.??.??"]
[WhiteTeam "SK Landau-Dingolfing 1"]
[BlackTeam "TV Tegernsee 1"]

{[%evp 9,50,48,53,58,105,101,98,53,60,54,60,69,108,100,141,28,37,31,40,33,57,
23,56,17,77,79,79,67,76,33,34,26,32,28,33,27,23,-16,-13,-25,-21,-4,-11]} 1. d4
d6 2. e4 Nf6 3. f3 e5 4. d5 c6 5. c4 cxd5 ({Ein No Go ist} 5... Nxe4 $6 6. fxe4
Qh4+ 7. Kd2 $16) 6. cxd5 a6 7. Be3 Be7 8. Nc3 $14 b5 9. Qd2 Nbd7 10. Nh3 Nc5
11. b4 $16 Ncd7 12. Be2 (12. a4 $142 $16) 12... Nb6 $1 $11 13. Nf2 Bd7 14. O-O
O-O 15. Rfc1 Nh5 16. Nfd1 f5 17. exf5 Nf4 18. Bf1 (18. g4 Bh4 19. Bxf4 exf4 20.
Ne4 $14) 18... Rxf5 19. Nf2 Rf8 20. Nfe4 Qb8 21. Kh1 Qb7 22. Bxb6 Qxb6 23. Ne2
Nh5 24. Rc2 Rfc8 25. Rac1 Rxc2 1/2-1/2

[Event "TV Tegernsee 1-SK Landau-Dingolfing 1"]
[Site "?"]
[Date "2025.03.23"]
[Round "8.4"]
[White "Walter, Thomas"]
[Black "Hirtreiter, Alexander"]
[Result "1-0"]
[WhiteElo "2128"]
[BlackElo "1912"]
[Annotator "Stockfish 17"]
[PlyCount "57"]
[EventDate "2025.??.??"]
[WhiteTeam "TV Tegernsee 1"]
[BlackTeam "SK Landau-Dingolfing 1"]

{[%evp 15,57,102,101,102,108,73,83,76,77,39,48,44,46,49,44,41,59,60,208,229,
226,223,215,202,205,203,222,205,355,345,344,341,334,328,359,305,295,287,936,
925,923,893,1115,1219]} 1. e4 e5 2. Nf3 d6 3. Nc3 (3. d4 exd4 4. Nxd4 Nf6 5.
Nc3 Be7 6. Be2 $14 (6. Bf4 $5 O-O 7. Qd2 c6 8. O-O-O {mit besseren Aussichten})
) 3... Nc6 4. Bb5 Bd7 5. d4 Nxd4 6. Bxd7+ Qxd7 7. Nxd4 exd4 8. Qxd4 $16 Ne7 9.
Be3 Nc6 10. Qa4 Be7 11. Nd5 {[%cal Bc3d5,Bd5f4,Bf4e6][%mdl 32]} O-O 12. Rd1 Bd8
13. O-O Ne5 14. Qb3 c6 15. Nf4 Be7 16. h3 h6 $2 {was der Zug schon verderben? 
[#]} (16... Rfe8 $14) 17. Bd4 $1 $18 {[%cal Rd4e5] Und weiter mit Lxe5 wäre
nett.} Qc7 18. Bxe5 dxe5 {[#]} 19. Ne6 {[%cal Re6c7][%mdl 512] eine schöne
Pointe} fxe6 20. Qxe6+ Rf7 {...Lc5 ist eine echte Drohung.} 21. Rd7 $18 Qb6 (
21... Qc8 $142) 22. Rxe7 Raf8 23. Rxf7 Rxf7 24. Qxe5 {KDT-KDT  dem Schwarzen
fehlen 2 Bauern} Kh7 25. g3 Qb4 26. Rd1 Re7 $2 (26... Qc4 27. Rd2 Qxa2) 27.
Qf5+ {Weiß steht klar auf Gewinn.} g6 28. Qf8 {jetzt Td8 und aus.} Qxe4 29.
Rd8 1-0

[Event "TV Tegernsee 1-SK Landau-Dingolfing 1"]
[Site "?"]
[Date "2025.03.23"]
[Round "8.5"]
[White "Huber, Florian"]
[Black "Lettl, Gerhard"]
[Result "0-1"]
[WhiteElo "1846"]
[BlackElo "1941"]
[Annotator "Stockfish 17"]
[PlyCount "70"]
[EventDate "2025.??.??"]
[WhiteTeam "SK Landau-Dingolfing 1"]
[BlackTeam "TV Tegernsee 1"]

{[%evp 17,70,10,22,17,22,-10,-16,-22,11,-15,-10,-9,34,18,25,28,25,-26,-34,-44,
-44,-36,-44,-66,-66,-63,-66,-84,-17,-22,-20,-17,-12,-14,-12,-93,-40,-67,-56,
-42,0,-1,-8,-2,0,-12,-10,-11,0,0,0,-51,-56,-206,-217]} 1. d4 d5 2. Nf3 Nf6 3.
e3 e6 4. Bd3 c5 5. b3 Nc6 6. Bb2 Be7 7. Nbd2 O-O 8. O-O b6 9. c4 Bb7 10. Rc1
Rc8 11. Ne5 (11. Qe2 dxc4 12. bxc4 Qc7 13. Rfd1 {Spasski,B-Ribli,Z Tilburg 1980
}) 11... dxc4 12. Ndxc4 $6 (12. Bxc4 cxd4 13. Nxc6 Rxc6 14. Bxd4 $11) (12. Nxc6
Bxc6 13. bxc4 Qc7 14. dxc5 bxc5 {von Bardeleben,C-Berger,J N DSB-03.Kongress
Nuernberg 1883}) 12... Nb4 (12... cxd4 $5 13. exd4 Nb4 14. Bb1 Nbd5 $15) 13.
Bb1 b5 14. Nd2 a6 15. a3 Nbd5 16. dxc5 Rxc5 17. b4 Rxc1 18. Qxc1 a5 19. bxa5
Qxa5 20. Nb3 Qa8 $15 21. Nd4 Rc8 22. Qd2 Bxa3 (22... Nb6 $17 23. Nxb5 Rc5) 23.
Bxa3 $11 Qxa3 24. Nxb5 Qc5 $11 {[#] Und weiter mit ...La6 wäre nett.} 25. Nd4
Nc3 26. Nd3 $6 Qd6 (26... Qb6 {fühlt sich spannender an.} 27. Bc2 Nfe4 28. Qc1
Ba6 29. Qa3 e5) 27. Qb2 Ba6 $40 {[%mdl 128] Schwarz hat was vor.} (27... Be4 {
hält die Spannung aufrecht.} 28. Rc1 Nfd5 29. Qd2 Rd8 30. Bc2 e5) 28. Rc1 Nxb1
(28... Nfd5 {ist interessant.} 29. Qa1 Rc4 30. Kh1 g6 31. Bc2 Nf6) 29. Rxc8+
Bxc8 30. Qxb1 {in dieser symmetrischen Stellung sollte nichts mehr passieren}
e5 31. Nb3 Bf5 32. Nbc1 e4 33. Ne1 Ng4 34. g3 (34. h3 $5 {[%cal Rh3g4]} Qh2+
35. Kf1 $11) 34... h5 {[#] zielt auf ...Dd2 ab.} 35. Ne2 $2 {da schleicht sich
ein grober Fehler ein} (35. Nb3 $15) 35... Qd2 $1 0-1

[Event "TV Tegernsee 1-SK Landau-Dingolfing 1"]
[Site "?"]
[Date "2025.03.23"]
[Round "8.6"]
[White "Dietlmeier, Tobias"]
[Black "Fuchsgruber, Helmut"]
[Result "1-0"]
[WhiteElo "1954"]
[BlackElo "1804"]
[Annotator "Stockfish 17"]
[PlyCount "51"]
[EventDate "2025.??.??"]
[WhiteTeam "TV Tegernsee 1"]
[BlackTeam "SK Landau-Dingolfing 1"]

{[%evp 22,51,-12,-8,26,26,28,32,59,7,3,10,70,82,71,-22,-13,-26,145,128,205,209,
290,286,502,508,29995,29996,29996,29997,29997,29998]} 1. e4 e6 2. d3 c5 3. Nf3
Nc6 4. g3 d5 5. Nbd2 Nf6 6. Bg2 Be7 7. O-O O-O 8. Re1 Qc7 9. e5 Nd7 10. Qe2 b5
11. Nf1 (11. h4 a5 12. Nf1 b4 13. Bf4 Nb6 14. N1h2 Na4 {Korchnoi,V-Rigo,J
Vienna op 1986}) 11... Bb7 12. h4 Rac8 13. Bf4 Rfd8 14. N1h2 d4 15. Ng5 Nb4 16.
a3 Nd5 (16... Bxg2 {ist interessant.} 17. Kxg2 Qc6+ (17... Nd5) 18. Nhf3 Nd5
19. Qe4 Nxf4+ 20. Qxf4 Rf8) 17. Qh5 Bxg5 18. hxg5 (18. Bxg5 $16 Rf8 19. Ng4)
18... Nxf4 $11 19. gxf4 Bxg2 $2 ({Besser ist} 19... Nf8 $1 $11) 20. Kxg2 $16 {
die h-Linie ist gut für Weiß} Qc6+ {[#]} (20... Nf8 $16) 21. Kg3 $1 $18 c4
22. Ng4 Kh8 $2 (22... Qa8 {ist eine bessere Verteidigung.} 23. Rh1 Kf8 24. Qxh7
Ke7 $18 {geht auch verloren}) 23. Rh1 {[%csl Gh1][%cal Rh5h7]} Nf8 {darauf
folgt ein schöner Mattangriff [#]} (23... Kg8 $18 24. Qxh7+ Kf8) 24. Nf6 $1 {
[%mdl 512] Weiß setzt Matt.} gxf6 25. gxf6 cxd3 26. Qh6 {[%csl Gf6][%cal
Rh6g7]} ({Nicht} 26. Qxf7 $2 Rd7 $19) 1-0